[Event "MDA-ch (Women)"]
[Site "Kishinev"]
[Date "2015.01.29"]
[Round "3"]
[White "Smokina, Karolina"]
[Black "Daicu, Diana"]
[Result "1/2-1/2"]
[WhiteElo "2137"]
[BlackElo "1668"]
[PlyCount "69"]
[EventDate "2015.01.27"]
[EventType "tourn"]
[EventRounds "9"]
[EventCountry "MDA"]
[SourceTitle "EXT 2022"]
[Source "ChessBase"]
[SourceDate "2021.10.06"]
[SourceVersion "1"]
[SourceVersionDate "2021.10.06"]
[SourceQuality "1"]

1. d4 d5 2. Nf3 e6 3. e3 Nf6 4. Nbd2 c5 5. b3 b6 6. Bb2 Nbd7 7. Ne5 Nxe5 8. dxe5 Nd7 9. g3 Bb7 10. Bg2 Qc7 11. f4 d4 12. Bxb7 Qxb7 13. Qf3 Qxf3 14. Nxf3 dxe3 15. c4 Be7 16. Ke2 0-0-0 17. Kxe3 Nb8 18. Rad1 Nc6 19. Bc3 h5 20. h3 g6 21. Rxd8+ Kxd8 22. Rd1+ Kc7 23. Rd2 Rh7 24. Ke4 Rh8 25. Ne1 a6 26. Nc2 Rh7 27. Ne3 Rh8 28. Rf2 Rh7 29. Nf1 Rh8 30. Rh2 Rh7 31. g4 hxg4 32. hxg4 Rh4 33. g5 Bxg5 34. Rxh4 Bxh4 35. Nh2 1/2-1/2

[Event "Mediterranean Flower (Women) 13th"]
[Site "Rijeka"]
[Date "2013.03.09"]
[Round "1"]
[White "Dasic, Lana"]
[Black "Smokina, Karolina"]
[Result "0-1"]
[WhiteElo "1609"]
[BlackElo "2137"]
[PlyCount "106"]
[EventDate "2013.03.09"]
[EventType "swiss"]
[EventRounds "9"]
[EventCountry "CRO"]
[SourceTitle "CBM 153 Extra"]
[Source "ChessBase"]
[SourceDate "2013.04.22"]
[SourceVersion "1"]
[SourceVersionDate "2013.04.22"]
[SourceQuality "1"]

1. e4 c5 2. Nf3 Nc6 3. d4 cxd4 4. Nxd4 e5 5. Nxc6 dxc6 6. Qxd8+ Kxd8 7. Nc3 Be6 8. Be3 Kc7 9. 0-0-0 Nf6 10. f3 Be7 11. a3 Nd7 12. Be2 Nb6 13. Rd2 Rhd8 14. Rhd1 Rxd2 15. Rxd2 Nc4 16. Bxc4 Bxc4 17. Ne2 b6 18. Ng3 Rd8 19. Nf5 Bf8 20. Rxd8 Kxd8 21. Kd2 Kd7 22. b4 g6 23. Nh6 Ke6 24. g4 f6 25. h4 Bf1 26. h5 Bb5 27. Ke1 c5 28. c3 cxb4 29. cxb4 gxh5 30. gxh5 Be8 31. Nf5 Bxh5 32. f4 Bg4 33. Nh4 exf4 34. Bxf4 Be7 35. Kf2 b5 36. Ke3 Bd8 37. Kd3 Bb6 38. Bb8 Bh3 39. Nf3 Bf1+ 40. Kc3 h5 41. Bg3 Be3 42. Nd4+ Kf7 43. Bh4 Bc1 44. Nc2 Bg5 45. Bf2 a6 46. Ne3 Bh3 47. Nf5 Bxf5 48. exf5 h4 49. Kd4 h3 50. Bg3 Bc1 51. Bh2 Bxa3 52. Kc3 Bc1 53. Kd3 Bb2 0-1

[Event "Queenstown op"]
[Site "Queenstown"]
[Date "2012.01.20"]
[Round "6"]
[White "Akshat, Khamparia"]
[Black "Smokina, Karolina"]
[Result "1/2-1/2"]
[WhiteElo "2414"]
[BlackElo "2167"]
[PlyCount "110"]
[EventDate "2012.01.15"]
[EventType "swiss"]
[EventRounds "9"]
[EventCountry "NZL"]
[SourceTitle "CBM 146 Extra"]
[Source "ChessBase"]
[SourceDate "2012.02.29"]
[SourceVersion "1"]
[SourceVersionDate "2012.02.29"]
[SourceQuality "1"]

1. d4 Nf6 2. Bg5 d6 3. Nc3 Nbd7 4. e4 e5 5. Nf3 Be7 6. dxe5 dxe5 7. Bc4 h6 8. Bh4 c6 9. 0-0 0-0 10. Bg3 Qc7 11. Nh4 b5 12. Bd3 Nc5 13. Qe2 Ne6 14. Nf5 Bc5 15. Kh1 Nd4 16. Nxd4 Bxd4 17. Nd1 Bg4 18. f3 Be6 19. c3 Bc5 20. f4 Bg4 21. Qc2 Nh5 22. Bf2 Bxf2 23. Nxf2 Bd7 24. f5 c5 25. Rfd1 c4 26. Be2 Nf6 27. Bf3 Bc6 28. Qe2 Rad8 29. Rxd8 Rxd8 30. Rd1 Rxd1+ 31. Qxd1 Nd7 32. g3 Nc5 33. Kg2 Qd7 34. Qxd7 Bxd7 35. Bd1 Bc6 36. Kf3 f6 37. Ke3 Kf8 38. Bc2 Ke7 39. h4 Be8 40. g4 Bf7 41. Nh3 a5 42. a3 a4 43. Nf2 Be8 44. Nh3 Kd7 45. g5 hxg5 46. hxg5 Kd6 47. g6 Bc6 48. Ng1 Nb7 49. Kf3 Kc7 50. Ne2 Nd6 51. Ng3 Ne8 52. Ne2 Nd6 53. Ng3 Ne8 54. Nh5 Bb7 55. Bd3 Kd6 1/2-1/2

[Event "Queenstown op"]
[Site "Queenstown"]
[Date "2012.01.19"]
[Round "5"]
[White "Smokina, Karolina"]
[Black "Kempen, Leon JP"]
[Result "1-0"]
[WhiteElo "2167"]
[BlackElo "1999"]
[PlyCount "135"]
[EventDate "2012.01.15"]
[EventType "swiss"]
[EventRounds "9"]
[EventCountry "NZL"]
[SourceTitle "CBM 146 Extra"]
[Source "ChessBase"]
[SourceDate "2012.02.29"]
[SourceVersion "1"]
[SourceVersionDate "2012.02.29"]
[SourceQuality "1"]

1. c4 Nc6 2. Nc3 e5 3. g3 Bb4 4. Bg2 Nf6 5. Nd5 Bc5 6. e3 Nxd5 7. cxd5 Ne7 8. Ne2 0-0 9. 0-0 d6 10. d4 exd4 11. Nxd4 Re8 12. b3 a6 13. Bb2 Ng6 14. Rc1 Qg5 15. b4 Bb6 16. f4 Qh6 17. Re1 Bd7 18. Nc2 Rac8 19. Bd4 Ba4 20. Qd2 Qh5 21. Bxb6 cxb6 22. Nd4 Qg4 23. e4 Qd7 24. f5 Ne5 25. f6 Rxc1 26. Rxc1 Qd8 27. fxg7 Bd7 28. Qh6 Bc8 29. Rf1 b5 30. Kh1 Qb6 31. Ne2 Bg4 32. Ng1 Rc8 33. h3 Bd7 34. Nf3 Nxf3 35. Bxf3 Qd4 36. Bg2 Qe5 37. Qf6 Be8 38. Qxe5 dxe5 39. Rf5 Kxg7 40. Rxe5 Kf6 41. Rf5+ Kg7 42. Rf2 Rc4 43. a3 b6 44. Kh2 a5 45. bxa5 bxa5 46. e5 Rc3 47. d6 Rd3 48. Be4 Rd1 49. g4 b4 50. axb4 axb4 51. Rb2 Rd4 52. Bf5 h6 53. Kg3 Ba4 54. Kf2 f6 55. e6 Rxd6 56. Rxb4 Be8 57. Rb7+ Kg8 58. Kg3 Ra6 59. Rb8 Kf8 60. Kf4 Rd6 61. Bg6 Rxe6 62. Kf5 Re3 63. Kxf6 Rf3+ 64. Ke5 Re3+ 65. Kf4 Re1 66. Kg3 Re3+ 67. Kh4 Re5 68. Bxe8 1-0

[Event "Olympiad Women-39"]
[Site "Khanty-Mansiysk"]
[Date "2010.10.03"]
[Round "11.13"]
[White "Smokina, Karolina"]
[Black "Guichard, Pauline"]
[Result "1/2-1/2"]
[WhiteElo "2170"]
[BlackElo "2293"]
[PlyCount "65"]
[EventDate "2010.09.21"]
[EventType "team-swiss"]
[EventRounds "11"]
[EventCountry "RUS"]
[SourceTitle "CBM 139"]
[Source "ChessBase"]
[SourceDate "2010.11.18"]
[SourceVersion "1"]
[SourceVersionDate "2010.11.18"]
[SourceQuality "1"]
[WhiteTeam "Moldova (W)"]
[BlackTeam "France (W)"]
[WhiteTeamCountry "MDA"]
[BlackTeamCountry "FRA"]

1. d4 Nf6 2. c4 e6 3. Nc3 Bb4 4. a3 Bxc3+ 5. bxc3 c5 6. e3 Nc6 7. Bd3 0-0 8. Ne2 b6 9. 0-0 d6 10. e4 Ne8 11. f4 f5 12. exf5 exf5 13. Ng3 Na5 14. Re1 g6 15. Be3 Ba6 16. Bf2 Nc7 17. Nf1 Qf6 18. Ne3 Rae8 19. Be2 Kh8 20. Ra2 Qf7 21. dxc5 dxc5 22. Rd2 Re7 23. Nd5 Nxd5 24. cxd5 Bxe2 25. Rdxe2 Rxe2 26. Rxe2 Rd8 27. Bh4 Rxd5 28. Bf6+ Kg8 29. Re8+ Qxe8 30. Qxd5+ Qf7 31. Qd8+ Qf8 32. Qd5+ Qf7 33. Qd8+ 1/2-1/2

[Event "Olympiad Women-39"]
[Site "Khanty-Mansiysk"]
[Date "2010.09.23"]
[Round "3.7"]
[White "Meenakshi, Subbaraman"]
[Black "Smokina, Karolina"]
[Result "1-0"]
[WhiteElo "2336"]
[BlackElo "2170"]
[PlyCount "77"]
[EventDate "2010.09.21"]
[EventType "team-swiss"]
[EventRounds "11"]
[EventCountry "RUS"]
[SourceTitle "CBM 139"]
[Source "ChessBase"]
[SourceDate "2010.11.18"]
[SourceVersion "1"]
[SourceVersionDate "2010.11.18"]
[SourceQuality "1"]
[WhiteTeam "India (W)"]
[BlackTeam "Moldova (W)"]
[WhiteTeamCountry "IND"]
[BlackTeamCountry "MDA"]

1. d4 d5 2. c4 c6 3. Nf3 Nf6 4. e3 a6 5. Bd3 Bg4 6. Nbd2 e6 7. 0-0 dxc4 8. Nxc4 Nbd7 9. h3 Bh5 10. Qe2 c5 11. Rd1 cxd4 12. exd4 Nd5 13. Be4 N7f6 14. Bg5 Be7 15. Bxf6 gxf6 16. Bxd5 exd5 17. Ne3 Qd7 18. Rac1 0-0 19. g4 Bg6 20. Nh4 Rfe8 21. Nhf5 Bf8 22. Qf3 Rad8 23. Rc3 Re6 24. Rdc1 Rc6 25. Rxc6 bxc6 26. Qe2 Qb7 27. Qc2 c5 28. Qc3 c4 29. Qc2 Rb8 30. Rb1 h5 31. Kg2 hxg4 32. hxg4 Qd7 33. b3 Qb7 34. Qe2 a5 35. Qf3 a4 36. Rh1 Bxf5 37. Qxf5 Bg7 38. Qh7+ Kf8 39. Nf5 1-0

[Event "Olympiad Women-39"]
[Site "Khanty-Mansiysk"]
[Date "2010.09.22"]
[Round "2.28"]
[White "Smokina, Karolina"]
[Black "Franco Valencia, Angela Maria"]
[Result "1-0"]
[WhiteElo "2170"]
[BlackElo "2148"]
[PlyCount "85"]
[EventDate "2010.09.21"]
[EventType "team-swiss"]
[EventRounds "11"]
[EventCountry "RUS"]
[SourceTitle "CBM 139"]
[Source "ChessBase"]
[SourceDate "2010.11.18"]
[SourceVersion "1"]
[SourceVersionDate "2010.11.18"]
[SourceQuality "1"]
[WhiteTeam "Moldova (W)"]
[BlackTeam "Columbia (W)"]
[WhiteTeamCountry "MDA"]
[BlackTeamCountry "COL"]

1. c4 f5 2. d4 Nf6 3. Nd2 e6 4. Ngf3 b6 5. g3 Bb7 6. Bg2 Bb4 7. 0-0 0-0 8. a3 Bxd2 9. Bxd2 Qe8 10. b4 Qh5 11. Bf4 d6 12. h3 Nbd7 13. c5 Nd5 14. Qc1 dxc5 15. bxc5 N7f6 16. Ra2 h6 17. Ne1 Ba6 18. Nd3 Rad8 19. Be5 Qg5 20. Nb4 Bb5 21. Nxd5 Nxd5 22. a4 Be8 23. h4 Qg6 24. e3 Qf7 25. c6 Nb4 26. Ra3 Qe7 27. a5 b5 28. Rb3 a6 29. Qa3 Nxc6 30. Qxe7 Nxe7 31. Bxc7 Rd7 32. Rc1 Nd5 33. Be5 Rb7 34. Bd6 Rf6 35. Rc8 Kf7 36. Ra8 b4 37. Rxa6 Bb5 38. Ra8 Bc4 39. Rb2 b3 40. h5 e5 41. dxe5 Rxd6 42. exd6 Rd7 43. Rc8 1-0

[Event "Ankara Campomanes Memorial WIM"]
[Site "Ankara"]
[Date "2010.05.20"]
[Round "7"]
[White "Smokina, Karolina"]
[Black "Patel, Yesim"]
[Result "1-0"]
[WhiteElo "2194"]
[BlackElo "1782"]
[PlyCount "59"]
[EventDate "2010.05.17"]
[EventType "schev"]
[EventRounds "10"]
[EventCountry "TUR"]
[SourceTitle "CBM 136 Extra"]
[Source "ChessBase"]
[SourceDate "2010.07.02"]
[SourceVersion "2"]
[SourceVersionDate "2010.07.15"]
[SourceQuality "1"]

1. d4 Nf6 2. c4 g6 3. Nc3 Bg7 4. e4 d6 5. Bd3 0-0 6. Nge2 Nc6 7. 0-0 e5 8. d5 Nd4 9. Nxd4 exd4 10. Ne2 Re8 11. f3 a5 12. Bg5 h6 13. Bh4 c5 14. Bxf6 Bxf6 15. Qd2 Bg7 16. Ng3 Bd7 17. f4 a4 18. Rae1 h5 19. e5 dxe5 20. f5 gxf5 21. Bxf5 Bxf5 22. Rxf5 h4 23. Ne4 b6 24. Ref1 Ra7 25. Qf2 Ree7 26. Qxh4 Qf8 27. Nf6+ Bxf6 28. Qxf6 Kh7 29. Rh5+ Kg8 30. Rh8# 1-0

[Event "Ankara Campomanes Memorial WIM"]
[Site "Ankara"]
[Date "2010.05.19"]
[Round "6"]
[White "Smokina, Karolina"]
[Black "Kaya, Emel"]
[Result "1/2-1/2"]
[WhiteElo "2194"]
[BlackElo "2006"]
[PlyCount "56"]
[EventDate "2010.05.17"]
[EventType "schev"]
[EventRounds "10"]
[EventCountry "TUR"]
[SourceTitle "CBM 136 Extra"]
[Source "ChessBase"]
[SourceDate "2010.07.02"]
[SourceVersion "2"]
[SourceVersionDate "2010.07.15"]
[SourceQuality "1"]

1. d4 Nf6 2. c4 g6 3. Nc3 Bg7 4. e4 d6 5. Bd3 0-0 6. Nge2 Nc6 7. Bc2 e5 8. d5 Nd4 9. Nxd4 exd4 10. Ne2 Re8 11. f3 c5 12. dxc6 bxc6 13. Nxd4 Qb6 14. Ne2 d5 15. cxd5 cxd5 16. Ba4 Re7 17. Qb3 dxe4 18. Qxb6 axb6 19. Bc6 Ra5 20. b4 exf3 21. bxa5 Rxe2+ 22. Kd1 Ne4 23. Bxe4 Rxe4 24. gxf3 Rd4+ 25. Ke1 Rd3 26. Rb1 Bc3+ 27. Kf2 Bxa5 28. Be3 Be6 1/2-1/2

[Event "Ankara Campomanes Memorial WIM"]
[Site "Ankara"]
[Date "2010.05.18"]
[Round "3"]
[White "Smokina, Karolina"]
[Black "Soylemez, Cansu"]
[Result "1-0"]
[WhiteElo "2194"]
[BlackElo "1935"]
[PlyCount "85"]
[EventDate "2010.05.17"]
[EventType "schev"]
[EventRounds "10"]
[EventCountry "TUR"]
[SourceTitle "CBM 136 Extra"]
[Source "ChessBase"]
[SourceDate "2010.07.02"]
[SourceVersion "2"]
[SourceVersionDate "2010.07.15"]
[SourceQuality "1"]

1. c4 Nf6 2. Nc3 e6 3. d4 d5 4. cxd5 exd5 5. Bg5 Be7 6. e3 0-0 7. Bd3 c6 8. Qc2 Nbd7 9. Nge2 Re8 10. Ng3 g6 11. 0-0 Nf8 12. f3 Ne6 13. Bh6 c5 14. dxc5 d4 15. Nce4 Nd5 16. exd4 Nxd4 17. Qc4 Nc6 18. Nd6 Nd4 19. Nde4 Nc6 20. Nd6 Bxd6 21. cxd6 Be6 22. Qc5 Qh4 23. Bd2 Ne5 24. Be4 Nd7 25. Qa3 Qf6 26. Kh1 N7b6 27. Bxd5 Bxd5 28. Bc3 Qf4 29. Qc5 Rad8 30. Rfe1 Re6 31. Rxe6 fxe6 32. Qc7 Rd7 33. Qb8+ Qf8 34. Qxa7 Qxd6 35. Rd1 Qc6 36. Qb8+ Kf7 37. Qf4+ Ke8 38. Bb4 Rf7 39. Qb8+ Nc8 40. Qe5 Qc2 41. Rxd5 Qc1+ 42. Be1 Re7 43. Rc5 1-0

[Event "Ankara Campomanes Memorial WIM"]
[Site "Ankara"]
[Date "2010.05.17"]
[Round "2"]
[White "Smokina, Karolina"]
[Black "Sop, Selen"]
[Result "1/2-1/2"]
[WhiteElo "2194"]
[BlackElo "1963"]
[PlyCount "131"]
[EventDate "2010.05.17"]
[EventType "schev"]
[EventRounds "10"]
[EventCountry "TUR"]
[SourceTitle "CBM 136 Extra"]
[Source "ChessBase"]
[SourceDate "2010.07.02"]
[SourceVersion "2"]
[SourceVersionDate "2010.07.15"]
[SourceQuality "1"]

1. d4 d5 2. Nf3 Nf6 3. Bf4 c5 4. c3 Nc6 5. e3 Qb6 6. Qb3 c4 7. Qxb6 axb6 8. Na3 Rxa3 9. bxa3 Ne4 10. Nd2 Nxc3 11. Rc1 Nb5 12. a4 Na3 13. Bc7 e6 14. Bxb6 Nb4 15. Nxc4 dxc4 16. Bxc4 Nbc2+ 17. Ke2 Nxc4 18. Rxc2 Nxb6 19. a5 Bd7 20. axb6 Bb5+ 21. Kf3 Bc6+ 22. Ke2 Bb5+ 23. Kf3 Bc6+ 24. Ke2 Kd7 25. f3 f5 26. h3 h5 27. Rb1 Bd6 28. Kd3 Rf8 29. Re2 g5 30. Ree1 g4 31. hxg4 fxg4 32. fxg4 hxg4 33. Rb2 Bg3 34. Rh1 Rf7 35. Rh5 Bf2 36. e4 Kd6 37. Rh6 Ke7 38. Rg6 g3 39. d5 exd5 40. Rxc6 dxe4+ 41. Kxe4 bxc6 42. b7 Ba7 43. b8Q Bxb8 44. Rxb8 Rf2 45. Rg8 Rxg2 46. a3 Rg1 47. Kf3 Ra1 48. Ke4 Rg1 49. Kf3 Ra1 50. Ra8 Rg1 51. Rg8 g2 52. Rxg2 Ra1 53. Rg7+ Kd6 54. Ra7 Kd5 55. Ke3 Kc4 56. Kd2 Ra2+ 57. Ke3 c5 58. a4 Kb3 59. a5 c4 60. Kd4 c3 61. a6 Rd2+ 62. Ke3 Ra2 63. Rb7+ Kc2 64. a7 Ra3 65. Rc7 Kb2 66. Kd3 1/2-1/2

[Event "Queenstown op"]
[Site "Queenstown"]
[Date "2009.01.22"]
[Round "8"]
[White "Bennett, Hilton Petrie"]
[Black "Smokina, Karolina"]
[Result "1/2-1/2"]
[WhiteElo "2032"]
[BlackElo "2251"]
[PlyCount "99"]
[EventDate "2009.01.15"]
[EventType "swiss"]
[EventRounds "10"]
[EventCountry "NZL"]
[SourceTitle "CBM 128 Extra"]
[Source "ChessBase"]
[SourceDate "2009.03.05"]
[SourceVersion "2"]
[SourceVersionDate "2009.03.25"]
[SourceQuality "1"]

1. e4 c5 2. Nc3 Nc6 3. Bb5 Nd4 4. Bc4 e6 5. Nge2 Ne7 6. 0-0 a6 7. d3 b5 8. Bb3 Nec6 9. Nxd4 Nxd4 10. Be3 Bb7 11. f4 Nxb3 12. axb3 d5 13. exd5 Bxd5 14. Ne4 Qc7 15. c4 Bb7 16. Qc2 b4 17. d4 cxd4 18. Bxd4 Rd8 19. Rad1 Qc6 20. Rfe1 Be7 21. f5 0-0 22. f6 Bxf6 23. Nxf6+ gxf6 24. Bxf6 Rxd1 25. Rxd1 Qe4 26. Qf2 h5 27. Re1 Qg4 28. h3 Qg6 29. Re5 Qb1+ 30. Kh2 Be4 31. Qe3 Qf1 32. Qg5+ Bg6 33. Re3 Kh7 34. Rf3 Qe2 35. Be5 Rg8 36. Bf4 Rf8 37. Re3 Qc2 38. Qh6+ Kg8 39. Be5 f6 40. Rg3 Kf7 41. Rf3 Ke7 42. Bd4 Rf7 43. Bc5+ Kd7 44. Rf2 Qe4 45. Qd2+ Kc8 46. Re2 Qc6 47. Bxb4 Bf5 48. Qe1 Rg7 49. Qh4 Qc7+ 50. Kh1 1/2-1/2

[Event "Queenstown op"]
[Site "Queenstown"]
[Date "2009.01.15"]
[Round "1"]
[White "Smokina, Karolina"]
[Black "Guo Yuthok, Sherab"]
[Result "0-1"]
[WhiteElo "2251"]
[BlackElo "1913"]
[PlyCount "138"]
[EventDate "2009.01.15"]
[EventType "swiss"]
[EventRounds "10"]
[EventCountry "NZL"]
[SourceTitle "CBM 128 Extra"]
[Source "ChessBase"]
[SourceDate "2009.03.05"]
[SourceVersion "2"]
[SourceVersionDate "2009.03.25"]
[SourceQuality "1"]

1. d4 b6 2. Nf3 Bb7 3. g3 e6 4. Bg2 f5 5. c4 Nf6 6. Nc3 Bb4 7. 0-0 0-0 8. Qb3 c5 9. dxc5 Bxc5 10. Bf4 Qe7 11. Rad1 d6 12. Na4 e5 13. Nxc5 bxc5 14. Bc1 Nc6 15. e3 Rad8 16. Nd2 Rd7 17. Nb1 e4 18. f4 exf3 19. Bxf3 Ne4 20. Nc3 Ne5 21. Nd5 Qe8 22. Qc2 Qg6 23. b3 Rdf7 24. Bb2 Nxf3+ 25. Rxf3 Ng5 26. Rff1 h5 27. Qg2 Re8 28. Bc1 Re4 29. Rf4 h4 30. Rxe4 fxe4 31. Nf4 Qh6 32. gxh4 Nf3+ 33. Kh1 Nxh4 34. Qg3 Rf5 35. Ng2 Qh5 36. Rg1 Nxg2 37. Qxg2 Qf3 38. h4 Rh5 39. Qxf3 exf3 40. Kh2 Rxh4+ 41. Kg3 Rh5 42. Bd2 Kf7 43. Bc3 g6 44. a3 a6 45. b4 Ke6 46. bxc5 Rxc5 47. Bb4 Rh5 48. Rd1 Rg5+ 49. Kf2 Rg2+ 50. Kf1 d5 51. cxd5+ Bxd5 52. Rd4 Re2 53. Bc5 Rc2 54. Bb4 Bc6 55. Rd2 Rc4 56. Kf2 Bd5 57. Rd4 Rc2+ 58. Rd2 Rc1 59. e4 Bxe4 60. Rd6+ Kf5 61. Rxa6 Rc2+ 62. Kg3 Rg2+ 63. Kh3 f2 64. Ra7 Ke6 65. Re7+ Kd5 66. Rd7+ Kc4 67. Rf7 g5 68. Bd6 Bd5 69. Rc7+ Kd3 0-1

[Event "Olympiad Women-38"]
[Site "Dresden"]
[Date "2008.11.22"]
[Round "9"]
[White "Ragger, Anna Christina"]
[Black "Smokina, Karolina"]
[Result "0-1"]
[WhiteElo "2270"]
[BlackElo "2235"]
[PlyCount "104"]
[EventDate "2008.11.13"]
[EventType "team-swiss"]
[EventRounds "11"]
[EventCountry "GER"]
[SourceTitle "CBM 128"]
[Source "ChessBase"]
[SourceDate "2009.01.28"]
[SourceVersion "1"]
[SourceVersionDate "2009.01.28"]
[SourceQuality "1"]
[WhiteTeam "Austria (W)"]
[BlackTeam "Moldova (W)"]
[WhiteTeamCountry "AUT"]
[BlackTeamCountry "MDA"]

1. e4 c5 2. Nf3 Nc6 3. d4 cxd4 4. Nxd4 e5 5. Nb5 d6 6. N1c3 a6 7. Na3 b5 8. Nd5 Nge7 9. c4 Nd4 10. cxb5 Nxd5 11. exd5 Be7 12. Bd3 0-0 13. 0-0 f5 14. bxa6 Bf6 15. Be3 f4 16. Bxd4 exd4 17. Qc2 g6 18. Qc6 Bd7 19. Qxd6 f3 20. g3 Be7 21. Qe5 Bf6 22. Qf4 Bg7 23. Qd2 Bc8 24. b4 Bxa6 25. b5 Bb7 26. Nc4 Bxd5 27. a4 Rc8 28. Rfc1 Qf6 29. a5 Rce8 30. Nb6 Be4 31. Nd7 Qf5 32. Bc4+ Kh8 33. Nxf8 d3 34. Ne6 Rxe6 35. Bxe6 Qxe6 36. Qf4 h6 37. Kf1 g5 38. Qb8+ Kh7 39. Qb6 Qd5 40. Qe3 Bd4 41. Rc7+ Kg6 42. Rc6+ Kf5 43. Qc1 Qxb5 44. Rb6 Bxb6 45. Qc8+ Ke5 46. Qb8+ Kd4 47. Qxb6+ Qxb6 48. axb6 d2 49. Ra4+ Kd3 50. Ra3+ Kc2 51. Ra2+ Kc1 52. Ra1+ Bb1 0-1

[Event "Dubai op 10th"]
[Site "Dubai"]
[Date "2008.04.09"]
[Round "4"]
[White "Tissir, Mohamed"]
[Black "Smokina, Karolina"]
[Result "1/2-1/2"]
[WhiteElo "2428"]
[BlackElo "2234"]
[PlyCount "65"]
[EventDate "2008.04.06"]
[EventType "swiss"]
[EventRounds "9"]
[EventCountry "UAE"]
[SourceTitle "CBM 123 Extra"]
[Source "ChessBase"]
[SourceDate "2008.05.06"]
[SourceVersion "1"]
[SourceVersionDate "2008.05.06"]
[SourceQuality "1"]

1. e4 c5 2. Nf3 Nc6 3. Bb5 g6 4. 0-0 Bg7 5. c3 Nf6 6. e5 Nd5 7. d4 cxd4 8. cxd4 0-0 9. Nc3 Nxc3 10. bxc3 d6 11. exd6 Qxd6 12. a4 Bg4 13. h3 Bxf3 14. Qxf3 Rac8 15. a5 a6 16. Ba3 Qf6 17. Qxf6 Bxf6 18. Bxc6 Rxc6 19. Bc5 Rd8 20. f4 e6 21. Rab1 Rd7 22. Rb3 Bd8 23. Ra1 f6 24. Kf2 e5 25. fxe5 fxe5 26. Ke3 Re6 27. Kd3 exd4 28. cxd4 Rf6 29. Kc4 Rf2 30. g4 h5 31. gxh5 gxh5 32. Rg1+ Kh7 33. Re3 1/2-1/2

[Event "Monarch Assurance 16th"]
[Site "Port Erin"]
[Date "2007.09.24"]
[Round "3"]
[White "Haslinger, Stewart"]
[Black "Smokina, Karolina"]
[Result "1/2-1/2"]
[WhiteElo "2468"]
[BlackElo "2205"]
[PlyCount "91"]
[EventDate "2007.09.22"]
[EventType "swiss"]
[EventRounds "9"]
[EventCountry "IOM"]
[SourceTitle "CBM 120 Extra"]
[Source "ChessBase"]
[SourceDate "2007.11.01"]
[SourceVersion "1"]
[SourceVersionDate "2007.11.01"]
[SourceQuality "1"]

1. e4 c5 2. Nf3 Nc6 3. d4 cxd4 4. Nxd4 e5 5. Nb5 d6 6. N1c3 a6 7. Na3 b5 8. Nd5 Nge7 9. c4 Nd4 10. cxb5 Nxd5 11. exd5 Be7 12. Bc4 0-0 13. bxa6 f5 14. Be3 Bf6 15. 0-0 f4 16. Bxd4 exd4 17. Bd3 Bxa6 18. Bxa6 Rxa6 19. Qd3 Qa8 20. Rac1 Ra5 21. Rc6 Be5 22. Rfc1 Qb7 23. R1c2 f3 24. gxf3 Qe7 25. Rc8 Qg5+ 26. Kf1 Ra8 27. Rxa8 Rxa8 28. Nb5 Bxh2 29. Nc7 Rxa2 30. Ne6 Ra1+ 31. Ke2 Qxd5 32. Rc8+ Kf7 33. Nxd4 Qe5+ 34. Qe4 h5 35. Rc7+ Kf6 36. Rc6 Qxe4+ 37. fxe4 Be5 38. Nf3 Ra2 39. Nxe5 Rxb2+ 40. Ke3 Kxe5 41. f4+ Ke6 42. e5 Rb3+ 43. Ke4 Rb4+ 44. Ke3 Rb3+ 45. Ke4 Rb4+ 46. Ke3 1/2-1/2

[Event "Bergamo op 06th"]
[Site "Bergamo"]
[Date "2007.07.22"]
[Round "6"]
[White "Smokina, Karolina"]
[Black "Annoni, Riccardo"]
[Result "1-0"]
[WhiteElo "2205"]
[BlackElo "2080"]
[PlyCount "31"]
[EventDate "2007.07.20"]
[EventType "swiss"]
[EventRounds "6"]
[EventCountry "ITA"]
[SourceTitle "EXT 2024"]
[Source "ChessBase"]
[SourceDate "2023.10.10"]
[SourceVersion "1"]
[SourceVersionDate "2023.10.10"]
[SourceQuality "1"]

1. d4 d5 2. c4 c6 3. e3 Nf6 4. Nf3 e6 5. b3 Bb4+ 6. Bd2 Bd6 7. Bc3 Nbd7 8. Nbd2 0-0 9. Ne5 Qc7 10. f4 c5 11. Rc1 b6 12. Bd3 Bb7 13. 0-0 Rfd8 14. Qe2 Rac8 15. Bb2 Ne8 16. Bxh7+ 1-0